header

Corruption, politics and development (Record no. 74113)

MARC details
000 -LEADER
fixed length control field 01340nam a22003254a 4500
082 04 - DEWEY DECIMAL CLASSIFICATION NUMBER
Classification number 364.16/8
100 1# - MAIN ENTRY--AUTHOR NAME
Personal name Marquette, Heather,
245 10 - TITLE STATEMENT
Title Corruption, politics and development
260 ## - PUBLICATION, DISTRIBUTION, ETC. (IMPRINT)
Place of publication Houndmills, Basingstoke, Hampshire ;
-- New York, N.Y. :
Name of publisher Palgrave Macmillan,
Year of publication 2003.
300 ## - PHYSICAL DESCRIPTION
Number of Pages xvi, 261 p. :
Other physical details ill.
650 #0 - SUBJECT ADDED ENTRY--TOPICAL TERM
Topical Term International finance
Topical Term Corruption
Topical Term Political corruption
856 40 - ELECTRONIC LOCATION AND ACCESS
Uniform Resource Identifier http://site.ebrary.com/lib/rucke/Doc?id=10076985

No items available.

© 2026 Rongo University
Contact us: librarian | system librarian | Rongo university